| 000 | 01158pam a2200313 a 4500 | ||
|---|---|---|---|
| 001 | 4454178 | ||
| 003 | Ke-BoTe | ||
| 005 | 20220511120326.0 | ||
| 008 | 951107s1996 paua b 001 0 eng c | ||
| 010 | _a 95049883 | ||
| 020 | _a0397551916 | ||
| 040 |
_aDNLM/DLC _cDLC _dDLC |
||
| 050 | 0 | 0 |
_aRC630 _b.F556 1996 |
| 060 | 1 | 0 | _aWD 220 F646 1996 |
| 082 | 0 | 0 |
_a616.3/9 _220 |
| 245 | 0 | 0 |
_aFluid and electrolyte balance : _bnursing considerations / _c[edited by] Norma M. Metheny ; with 14 contributors. |
| 250 | _a3rd ed. | ||
| 260 |
_aPhiladelphia : _bLippincott, _cc1996. |
||
| 300 |
_axiv, 461 p. : _bill. ; _c26 cm. |
||
| 504 | _aIncludes bibliographical references and index. | ||
| 650 | 0 |
_aBody fluid disorders. _94922 |
|
| 650 | 0 |
_aBody fluid disorders _xNursing. _94080 |
|
| 650 | 1 | 2 |
_aWater-Electrolyte Imbalance _xnurses' instruction. _94928 |
| 650 | 2 | 2 |
_aWater-Electrolyte Balance _xnurses' instruction. _94899 |
| 700 | 1 |
_aMetheny, Norma Milligan. _94921 |
|
| 906 |
_a7 _bcbc _corignew _d1 _eocip _f19 _gy-gencatlg |
||
| 942 |
_2lcc _cBK _n0 |
||
| 999 |
_c2474 _d2474 |
||